Jardines históricos brasileños y mexicanos = Jardins históricos brasileiros e mexicanos /

Guardado en:
Bibliografiske detaljer
Hovedforfatter: Carneiro, Ana Rita Sá (coord. y pref.)
Andre forfattere: Pérez Bertruy, Ramona (coordinación y prefacio) (coordinación y prefacio)
Format: Bog
Sprog:spansk
Udgivet: México : São Paulo, Brasil : Universidad Autónoma Metropolitana Azcapotzalco ; Editora Universitária UFPE, 2010, c2010
Fag:
Tags: Tilføj Tag
Ingen Tags, Vær først til at tagge denne postø!

MARC

LEADER 00000nam^a2200000^a^4500
001 000316278
005 20250521000000.0
009 20260310113309.079
020 |a 978-607-477-170-1 
037 |a Acervo ITESO - Biblioteca 
041 |a ESP 
082 |a 712. 09  |b CAR 
100 |a Carneiro, Ana Rita Sá  |e (coord. y pref.) 
245 1 0 |a Jardines históricos brasileños y mexicanos =  |b Jardins históricos brasileiros e mexicanos /  |c Coord. y pref. de A.R.S. Carneiro, R. Pérez Bertruy. 
264 4 |a México :  |b Universidad Autónoma Metropolitana Azcapotzalco ;  |a São Paulo, Brasil :  |b Editora Universitária UFPE,  |c 2010, c2010 
300 |a 318, 321 p. 
336 |a texto  |b txt  |2 rdacontenido 
337 |a sin mediación  |b n  |2 rdamedio 
338 |a volumen  |b nc  |2 rdasoporte 
546 |a Edición bilingüe español-portugués 
649 |a XX 
650 |a Jardines -  |z México 
650 |a Jardines -  |z Brasil 
650 |a Parques Públicos y Alamedas -  |z México 
650 |a Parques Públicos y Alamedas -  |z Brasil 
650 |a Plazas -  |z México 
650 |a Plazas -  |z Brasil 
650 |a Diseño Urbano -  |z México 
650 |a Diseño Urbano -  |z Brasil 
650 |a Urbanismo -  |z México 
650 |a Urbanismo -  |z Brasil 
650 |a Arquitectura del Paisaje -  |z México -  |x Tema Principal 
650 |a Arquitectura del Paisaje -  |z Brasil -  |x Tema Principal 
650 |a Arquitectura Mexicana -  |x Historia y Crítica 
650 |a Arquitectura Brasileña -  |x Historia y Crítica 
650 |a Arte Mexicano -  |x Historia y Crítica 
650 |a Arte Brasileño -  |x Historia y Crítica 
650 |a Botánica -  |z México 
650 |a Botánica -  |z Brasil 
650 |a México -  |x Descripción 
650 |a Brasil -  |x Descripción 
700 |a Pérez Bertruy, Ramona  |e (coordinación y prefacio) 
910 |a Fondo General 
920 |a Impresos - Libros 
930 |a Colección General 
905 |a 101 
901 |a 0500203039  |b IT1  |c ACC  |i C129293  |u 20250521 
902 |a https://opac.biblio.iteso.mx/vufind/Record/000316278